Beyoncé Songs A-Z - Statistics

General Stats
  • This quiz has been taken 575 times
  • The average score is 17 of 25
Answer Stats
Hint Answer % Correct
D Daddy Lessons | Dance for You | Dance With Me | Dangerously In Love | DAUGHTER | Deja Vu | DELRESTO | DESERT EAGLE | Disappear | Diva | DOLLY P | Don't Hurt Yourself | Dreamgirls | Drunk in Love | DubiLLusions
94%
B Baby Boy | Bad Habit | Be Alive | Beautiful Liar | Before I Let Go | Best Thing I Never Had | Be With You | Beyoncé Interlude | BIGGER | Bills, Bills, Bills | Birthday | BLACKBIIRD | BLACK EFFECT | BLACK PARADE | Blow | Blue | BODYGUARD | Bootylicious | BOSS | Bow Down | BREAK MY SOUL | Bridges | Broken-Hearted Girl | Brown Eyes | BROWN SKIN GIRL | Bug a Boo
91%
C Cater 2 U | Check On It | CHURCH GIRL | Confessions | Countdown | COZY | Crazy Feelings | Crazy In Love | Creole | CUFF IT
91%
S Sail On | Sandcastles | Satellites | Savage | Save The Hero | Say My Name | Say Yes | Scared of Lonely | Schoolin' Life | Second Nature | Sexy Daddy | She Can't Love You | Shining | Show Me The Way | Signs | Single Ladies | Smash Into You | SMOKE HOUR | So Amazing | So Good | Soldier | So Much Damn Sway | Sorry | SPAGHETTII | Speechless | SPIRIT | Standing on the Sun | Start Over | Stay | Suga Mama | SUMMER | SUMMER RENAISSANCE | Summertime | Superpower | Survivor | Sweet Dreams | SWEET HONEY BUCKIIN' | Sweet Sixteen
91%
H Halo | Happy Face | Haunted | HEARD ABOUT US | HEATED | Heaven | Hello | Hey Ladies | Hip Hop Star | Hold Up | Hollywood | Honesty | Hymn for the Weekend
90%
A After All Is Said And Done | ALIEN SUPERSTAR | ALLIIGATOR TEARS | All Night | ALL UP IN YOUR MIND | ALREADY | AMEN | AMERICA HAS A PROBLEM | AMERIICAN REQUIEM | Amor Gitano | APESHIT | Apple Pie À La Mode | At Last | Ave Maria
87%
F Fake Your Way to the Top | Family | Family Feud | Fancy | Feeling Myself | Fever | FIND YOUR WAY BACK | FLAMENCO | Flawless | Flaws and All | Formation | Forward | Freakum Dress | Free | Freedom | FRIENDS
83%
I I Been On | I Care | I'd Rather Go Blind | If | If I Were a Boy | If You Leave | I Got That | II HANDS II HEAVEN | II MOST WANTED | Illusion | I Miss You | I'M THAT GIRL | Independent Women | Intro | Irreplaceable | Is She The Reason | It's All Over | I Want You Baby | I Was Here
82%
L LEVII'S JEANS | Lift Ev'ry Voice and Sing | Lift Off | Listen | Lose My Breath | Love | Love A Woman | Love Drought | LOVEHAPPY | Love in This Club | Love On Top
79%
P Partition | Party | Perfect Man | PLASTIC OFF THE SOFA | Pray You Catch Me | Pretty Hurts | PROTECTOR | PURE/HONEY | Put It In a Love Song
79%
R Radio | Rather Die Young | Resentment | RIIVERDANCE | Ring Off | Ring The Alarm | Rocket | Runnin' | Run the World
74%
T Telephone | Tell Me | Temptation | TEXAS HOLD 'EM | That's How You Like It | That's Why You're Beautiful | The Closer I Get To You | THE LINDA MARTELL SHOW | The Story of Beauty | THIQUE | Through With Love | Top Off | T-Shirt | Turnt | TYRANT
74%
M Make Me Say It Again, Girl | Me, Myself and I | Mi Gente | Mine | MOOD 4 EVA | MOVE | My Heart Still Beats | MY HOUSE | MY POWER | MY ROSE | My Time Has Come
71%
# '03 Bonnie & Clyde | 1+1 | 16 CARRIAGES | 6 Inch | 7/11 | 713 | 8 Days of Christmas
70%
X XO
64%
E Ego | Emotion | End of Time | ENERGY | Everything I Do
63%
G Game Over | Get Me Bodied | Get On The Bus | Gift from Virgo | Girl | Gospel Medley | Green Light | Grown Woman
60%
N Naive | Nasty Girl | Naughty Girl | NICE | NILE | No Angel | No, No, No | Nothing out There for Me | Now That She's Gone
59%
J JOLENE | Jumpin', Jumpin' | JUST FOR FUN
56%
V Video Phone | VIRGO'S GROOVE
56%
Y YA YA | Yes | Yoncé | You Changed | You Don't Love Me | YOU'RE THE ONLY ONE
51%
W WATER | Welcome | Welcome To Hollywood | When I First Saw You | Where'd You Go | Why Don't You Love Me | With Me | Work It Out | World Wide Woman
45%
K Killing Time | Kitty Kat | Know That
39%
U Until The End Of Time | Upgrade U
38%
O OH LOUISIANA | On The Run | Once In A Lifetime | One Night Only | OTHERSIDE | Outro
36%
No matching quizzes found
Score Distribution
Percent of People with Each Score
Percentile by Number Answered
Your Score History
You have not taken this quiz